Case-Based Lessons in the Management of Complex Hepato-Pancreato-Biliary Surgery (Запис № 451179)

МАРК-запис
000 -LEADER
fixed length control field 06296nam a22005655i 4500
001 - CONTROL NUMBER
control field 978-3-319-50868-9
003 - CONTROL NUMBER IDENTIFIER
control field DE-He213
005 - DATE AND TIME OF LATEST TRANSACTION
control field 20210118143536.0
007 - PHYSICAL DESCRIPTION FIXED FIELD--GENERAL INFORMATION
fixed length control field cr nn 008mamaa
008 - FIXED-LENGTH DATA ELEMENTS--GENERAL INFORMATION
fixed length control field 170318s2017 gw | s |||| 0|eng d
020 ## - INTERNATIONAL STANDARD BOOK NUMBER
International Standard Book Number 9783319508689
-- 978-3-319-50868-9
024 7# - OTHER STANDARD IDENTIFIER
Standard number or code 10.1007/978-3-319-50868-9
Source of number or code doi
050 #4 - LIBRARY OF CONGRESS CALL NUMBER
Classification number RD1-811
072 #7 - SUBJECT CATEGORY CODE
Subject category code MNC
Source bicssc
072 #7 - SUBJECT CATEGORY CODE
Subject category code MED085000
Source bisacsh
072 #7 - SUBJECT CATEGORY CODE
Subject category code MNC
Source thema
082 04 - DEWEY DECIMAL CLASSIFICATION NUMBER
Classification number 617
Edition number 23
245 10 - TITLE STATEMENT
Title Case-Based Lessons in the Management of Complex Hepato-Pancreato-Biliary Surgery
Medium [electronic resource] /
Statement of responsibility, etc edited by Timothy M. Pawlik, Sharon Weber, T. Clark Gamblin.
250 ## - EDITION STATEMENT
Edition statement 1st ed. 2017.
264 #1 -
-- Cham :
-- Springer International Publishing :
-- Imprint: Springer,
-- 2017.
300 ## - PHYSICAL DESCRIPTION
Extent XXIV, 461 p. 168 illus.
Other physical details online resource.
336 ## -
-- text
-- txt
-- rdacontent
337 ## -
-- computer
-- c
-- rdamedia
338 ## -
-- online resource
-- cr
-- rdacarrier
347 ## -
-- text file
-- PDF
-- rda
505 0# - FORMATTED CONTENTS NOTE
Formatted contents note Resection of Large Hepatocellular Carcinoma: Hanging Technique -- Debulking of Extensive Neuroendocrine Liver Metastases -- Resection of Centrally Located Cystadenoma / Cystadenocarcinoma -- Management of Patients with Bilateral Multi-Focal Colorectal Liver Metastasis: Two Stage Approach -- Management of Patients with Bilateral Multi-Focal Colorectal Liver Metastases: ALPPS -- Management of Low Rectal Cancer with Synchronous Liver Metastases -- Laparoscopic Hemi-hepatectomy for Hepatocellular Carcinoma -- Minimally Invasive Resection of Colorectal Liver Metastases -- Totally Laparoscopic Right Hepatectomy Combined with En-Bloc Partial Resection of the Inferior Vena Cava -- Liver Cancer Necessitating Ex Vivo Resection and Reconstruction -- Resection of Renal Cell Carcinoma involving the Liver with Tumor Thrombus Extending into Inferior Vena Cava Requiring Venovenous Bypass -- Hilar Cholangiocarcinoma with Portal Vein Involvement -- Hilar Cholangiocarcinoma with Hepatic Artery Involvement -- Gallbladder Cancer with Common Bile Duct Invasion -- Management of the Gangrenous Gallbladder -- Surgical Resection of Type IVa Choledochal Cyst -- Bile Duct Injury at the Hepatic Confluence -- Posterior Right Disconnected Bile Duct -- Management of Contralateral Bile Duct Injury Following Liver Resection -- Transplantation for Hilar Cholangiocarcinoma -- Pancreatic Adenocarcinoma in Head of Pancreas with Portal Vein Involvement -- Implications of a Completely Replaced Right Hepatic Artery and Pancreatoduodenectomy -- Pancreatic Adenocarcinoma in the Neck of Pancreas Involving the Celiac Trunk (Appleby Procedure) -- Laparosopic Approaches to the Patient with Pancreatic Adenocarcinoma -- Robotic Approaches to the Patient with Pancreatic Adenocarcinoma -- Pancreatic Neuroendocrine with Superior Mesenteric Vein–Portal Vein Thrombus -- Pancreatic Neuroendocrine Tumor in Tail of Pancreas with Splenic Vein Thrombus and Sinestrial Portal Hypertension -- Multifocal Branch-duct Intraductal Papillary Mucinous Neoplasm -- Cavernous Transformation of the Portal Vein Requiring Temporary Mesocaval Shunt and Internal Jugular Vein Interposition Graft -- Chronic Pancreatitis: Puestow and Frey Procedures -- Chronic Pancreatitis: Frey Procedure -- Total Pancreatectomy with Islet Autotransplantation -- Necrotizing Pancreatitis: Best Approaches -- Pancreatic Pseudocyst: Operative versus Endoscopic Approach.
520 ## - SUMMARY, ETC.
Summary, etc This text provides a comprehensive, state-of-the art definitive “case-based” reference for the work-up, diagnosis, intraoperative management, and peri-operative care of patients with complex, difficult to manage HPB diseases. The book provides a practical, clinically useful guide that reviews select complicated HPB cases, as well as providing key information on how to manage such patients. This text provides detailed “case-based” algorithms, as well as specific guidance on the management of complicated HPB patients. In addition, it also focuses on key points on how to work-up patients pre-operatively, highlights intra-operative technical “pearls”, and defines optimal post-operative care. Chapters are rich with images, have multiple “call out” boxes to highlight key lessons learned and also include clinical management “pearls.” All chapters are written by experts in their field and include the most up-to-date clinical information from national and world leaders in their respective discipline. Case-Based Lessons in the Management of Complex Hepato-Pancreato-Biliary Surgery will serve as a very useful resource for physicians, fellows and residents dealing with complex HPB patients. In addition, It will provide a concise yet comprehensive summary of the diagnosis, work-up, and management of some of the most complex, yet common, HPB cases.
506 ## - RESTRICTIONS ON ACCESS NOTE
Terms governing access Available to subscribing member institutions only. Доступно лише організаціям членам підписки.
506 ## - RESTRICTIONS ON ACCESS NOTE
Standardized terminology for access restriction Online access from local network of NaUOA.
506 ## - RESTRICTIONS ON ACCESS NOTE
Standardized terminology for access restriction Online access with authorization at https://link.springer.com/
506 ## - RESTRICTIONS ON ACCESS NOTE
Standardized terminology for access restriction Онлайн-доступ з локальної мережі НаУОА.
506 ## - RESTRICTIONS ON ACCESS NOTE
Standardized terminology for access restriction Онлайн доступ з авторизацією на https://link.springer.com/
650 #0 - SUBJECT ADDED ENTRY--TOPICAL TERM
Topical term or geographic name as entry element Surgery.
650 #0 - SUBJECT ADDED ENTRY--TOPICAL TERM
Topical term or geographic name as entry element Surgical oncology.
650 14 - SUBJECT ADDED ENTRY--TOPICAL TERM
Topical term or geographic name as entry element General Surgery.
-- http://scigraph.springernature.com/things/product-market-codes/H59044
650 24 - SUBJECT ADDED ENTRY--TOPICAL TERM
Topical term or geographic name as entry element Surgical Oncology.
-- http://scigraph.springernature.com/things/product-market-codes/H59150
700 1# - ADDED ENTRY--PERSONAL NAME
Personal name Pawlik, Timothy M.
Relator term editor.
Relator code edt
-- http://id.loc.gov/vocabulary/relators/edt
700 1# - ADDED ENTRY--PERSONAL NAME
Personal name Weber, Sharon.
Relator term editor.
Relator code edt
-- http://id.loc.gov/vocabulary/relators/edt
700 1# - ADDED ENTRY--PERSONAL NAME
Personal name Gamblin, T. Clark.
Relator term editor.
Relator code edt
-- http://id.loc.gov/vocabulary/relators/edt
710 2# - ADDED ENTRY--CORPORATE NAME
Corporate name or jurisdiction name as entry element SpringerLink (Online service)
773 0# - HOST ITEM ENTRY
Title Springer eBooks
776 08 - ADDITIONAL PHYSICAL FORM ENTRY
Display text Printed edition:
International Standard Book Number 9783319508672
776 08 - ADDITIONAL PHYSICAL FORM ENTRY
Display text Printed edition:
International Standard Book Number 9783319508696
776 08 - ADDITIONAL PHYSICAL FORM ENTRY
Display text Printed edition:
International Standard Book Number 9783319845098
856 40 - ELECTRONIC LOCATION AND ACCESS
Uniform Resource Identifier <a href="https://doi.org/10.1007/978-3-319-50868-9">https://doi.org/10.1007/978-3-319-50868-9</a>
912 ## -
-- ZDB-2-SME
942 ## - ADDED ENTRY ELEMENTS (KOHA)
Koha item type ЕКнига

Немає доступних примірників.